[Event "Torneo Reyes Ciudad de Manises 2014"]
[Site "Manises ESP"]
[Date "2014.01.02"]
[Round "2.13"]
[White "Avila Sanchez, Miguel Angel"]
[Black "Perez Garcia, Jose Miguel"]
[Result "0-1"]
[WhiteElo "1860"]
[BlackElo "1914"]
[PlyCount "106"]
[EventDate "2014.01.02"]
[EventRounds "7"]
[EventCountry "ESP"]
[Source "lmi"]
[SourceDate "2014.01.02"]

1. e4 c5 2. Nf3 e6 3. d4 cxd4 4. Nxd4 a6 5. Nc3 Qc7 6. Be3 Bb4 7. Qd3 Nf6 8. f3
d5 9. Bd2 e5 10. Nb3 d4 11. Ne2 Bxd2+ 12. Nxd2 Nc6 13. c3 O-O 14. cxd4 Nb4 15.
Qc3 Qxc3 16. bxc3 Nc2+ 17. Kd1 Nxa1 18. Kc1 exd4 19. cxd4 Bd7 20. Kb2 Rac8 21.
Kxa1 Rc2 22. Nb3 Bb5 23. Kb1 Rfc8 24. Nc5 Rxe2 25. Bxe2 Bxe2 26. Rc1 b6 27. Nb3
Rxc1+ 28. Kxc1 Bf1 29. g3 Bg2 30. Nd2 Bh3 31. Kc2 Bc8 32. Kc3 Kf8 33. Nc4 b5
34. Nb6 Bh3 35. e5 Nd7 36. Nd5 Be6 37. Nc7 Bxa2 38. Nxa6 Nb6 39. Kb4 Bc4 40.
Kc5 Na4+ 41. Kb4 Nb2 42. Nc7 Nd3+ 43. Kc3 Ne1 44. f4 Nf3 45. h3 Ng1 46. Kb4 Ne2
47. Kc5 Nxg3 48. d5 Ke7 49. d6+ Kd7 50. Na8 Ne4+ 51. Kd4 Nxd6 52. Nb6+ Kc6 53.
exd6 Kxb6 0-1

[Event "Torneo Reyes Ciudad de Manises 2014"]
[Site "Manises ESP"]
[Date "2014.01.02"]
[Round "2.15"]
[White "Carbonell Sancho, Marc"]
[Black "Vila Tormo, Eduardo"]
[Result "0-1"]
[WhiteElo "1410"]
[BlackElo "1718"]
[PlyCount "44"]
[EventDate "2014.01.02"]
[EventRounds "7"]
[EventCountry "ESP"]
[Source "lmi"]
[SourceDate "2014.01.02"]

1. e4 c5 2. Nf3 Nc6 3. d4 cxd4 4. Nxd4 Nxd4 5. Qxd4 e6 6. Nc3 a6 7. Be2 Ne7 8.
O-O Nc6 9. Qd1 g6 10. Be3 Bg7 11. f4 Qe7 12. Bf3 Qb4 13. e5 Qxb2 14. Na4 Qa3
15. Nb6 Qxe3+ 16. Kh1 Qxb6 17. Rb1 Qa5 18. Ra1 O-O 19. Qd6 Nb4 20. Rfc1 Nd5 21.
c4 Nxf4 22. g3 Bxe5 0-1

[Event "Torneo Reyes Ciudad de Manises 2014"]
[Site "Manises ESP"]
[Date "2014.01.02"]
[Round "2.16"]
[White "Barrachina Blanco, Francisco"]
[Black "Soto Soriano, Eugenio"]
[Result "1-0"]
[WhiteElo "1679"]
[BlackElo "1389"]
[PlyCount "103"]
[EventDate "2014.01.02"]
[EventRounds "7"]
[EventCountry "ESP"]
[Source "lmi"]
[SourceDate "2014.01.02"]

1. e4 e5 2. Nf3 Nc6 3. Bb5 Nge7 4. c3 a6 5. Ba4 b5 6. Bc2 g6 7. d3 Bg7 8. O-O
O-O 9. Be3 d6 10. Nbd2 a5 11. a3 Be6 12. d4 Bg4 13. d5 Nb8 14. b3 c6 15. c4
cxd5 16. cxd5 Na6 17. Bd3 Qb8 18. Rc1 Nc8 19. Qe2 Nc7 20. Rc6 Na7 21. Rxd6 b4
22. a4 Ne8 23. Rb6 Qc7 24. Ra6 Nd6 25. Bb6 Qb7 26. Bxa5 Nac8 27. Rc1 Rxa6 28.
Bxa6 Qa7 29. Bxb4 Bh6 30. Bc5 Qc7 31. Bd3 Rd8 32. Rc2 Qa5 33. h3 Bxf3 34. Nxf3
Bg7 35. Qd2 Qc7 36. b4 Nb6 37. Be3 Qb7 38. a5 Nxd5 39. exd5 e4 40. Be2 exf3 41.
Bxf3 Nb5 42. Bc5 Qd7 43. Qf4 Nc7 44. Qc4 Nb5 45. Re2 Na3 46. Qe4 Qa4 47. Qe7
Qd1+ 48. Kh2 Rc8 49. Qe8+ Rxe8 50. Rxe8+ Bf8 51. Rxf8+ Kg7 52. Bxd1 1-0

[Event "Torneo Reyes Ciudad de Manises 2014"]
[Site "Manises ESP"]
[Date "2014.01.02"]
[Round "2.17"]
[White "Arce Martinez, Jose Miguel"]
[Black "Lopez Palomar, Jose"]
[Result "1-0"]
[WhiteElo "1790"]
[BlackElo "1635"]
[PlyCount "93"]
[EventDate "2014.01.02"]
[EventRounds "7"]
[EventCountry "ESP"]
[Source "lmi"]
[SourceDate "2014.01.02"]

1. e4 d6 2. d4 Nf6 3. Nc3 g6 4. f4 Bg7 5. Nf3 O-O 6. Be3 b6 7. Qd2 Bb7 8. O-O-O
Nxe4 9. Nxe4 Bxe4 10. Ng5 Bb7 11. Bd3 c5 12. Be4 d5 13. Bf3 h6 14. Nh3 c4 15.
f5 g5 16. Nf2 Bc8 17. h4 f6 18. hxg5 fxg5 19. Ng4 Bxf5 20. Nxh6+ Bxh6 21. Rxh6
Kf7 22. Rdh1 Ke8 23. Bxg5 Be4 24. Bxe4 dxe4 25. Re6 Kd7 26. Rxe7+ Kc8 27. Rxe4
Qc7 28. Re7 Qd6 29. c3 Nc6 30. Re2 Qg6 31. Rhe1 Kd7 32. d5 Nd8 33. Re7+ Kc8 34.
Bf4 Qf6 35. Rc7+ Kb8 36. Rf7+ Kc8 37. Rxf6 Rxf6 38. Bg5 Rf8 39. Bxd8 Kxd8 40.
Qg5+ Kd7 41. Qe7+ Kc8 42. Qxf8+ Kb7 43. Re7+ Ka6 44. Qxa8 Kb5 45. a4+ Kxa4 46.
Qc6+ Kb3 47. Qb5+ 1-0

[Event "Torneo Reyes Ciudad de Manises 2014"]
[Site "Manises ESP"]
[Date "2014.01.03"]
[Round "3.1"]
[White "Uran Bermudez, Oliver Kevin"]
[Black "Gimeno Higueras, Roberto"]
[Result "0-1"]
[WhiteElo "2103"]
[BlackElo "2198"]
[PlyCount "46"]
[EventDate "2014.01.02"]
[EventRounds "7"]
[EventCountry "ESP"]
[Source "lmi"]
[SourceDate "2014.01.02"]

1. e4 c6 2. d4 d5 3. Nd2 dxe4 4. Nxe4 Bf5 5. Ng3 Bg6 6. h4 h6 7. Nf3 Nd7 8. h5
Bh7 9. Bd3 Bxd3 10. Qxd3 Ngf6 11. Bd2 e6 12. O-O-O Be7 13. Kb1 a5 14. Ne4 a4
15. Nxf6+ Nxf6 16. Ne5 Qd5 17. Rde1 Rd8 18. Qg3 Ne4 19. Rxe4 Qxe4 20. Qxg7 Qh7
21. Bxh6 Rxd4 22. Nxf7 Qxg7 23. Bxg7 Rxh5 0-1

[Event "Torneo Reyes Ciudad de Manises 2014"]
[Site "Manises ESP"]
[Date "2014.01.03"]
[Round "3.2"]
[White "Nieves Cabanes, Jose Manuel"]
[Black "Ballester Sanz, Joaquin"]
[Result "0-1"]
[WhiteElo "2070"]
[BlackElo "2170"]
[PlyCount "74"]
[EventDate "2014.01.02"]
[EventRounds "7"]
[EventCountry "ESP"]
[Source "lmi"]
[SourceDate "2014.01.02"]

1. d4 d5 2. c4 c6 3. Nc3 Nf6 4. Nf3 e6 5. Bg5 dxc4 6. a4 Bb4 7. g3 c5 8. dxc5
Qxd1+ 9. Rxd1 Nc6 10. Bxf6 gxf6 11. e3 Na5 12. Nd2 Bd7 13. Ra1 Rc8 14. Be2 Ke7
15. O-O Bxc3 16. bxc3 Rxc5 17. Rfb1 b6 18. Rb4 Rhc8 19. Ra3 e5 20. Kf1 f5 21.
f4 e4 22. h3 Be6 23. g4 Rg8 24. gxf5 Bxf5 25. Nxc4 Bxh3+ 26. Ke1 Rg1+ 27. Kf2
Rg2+ 28. Ke1 Rxe2+ 29. Kxe2 Nxc4 30. Ra1 Bg4+ 31. Kf2 a5 32. Rbb1 Rd5 33. Ra2
Rd3 34. Re1 h5 35. Rc2 h4 36. Rcc1 Rd2+ 37. Kg1 h3 0-1

[Event "Torneo Reyes Ciudad de Manises 2014"]
[Site "Manises ESP"]
[Date "2014.01.03"]
[Round "3.3"]
[White "Pavia Miralles, Jose Manuel"]
[Black "Nieves Cabanes, Javier"]
[Result "1/2-1/2"]
[WhiteElo "2163"]
[BlackElo "2068"]
[PlyCount "38"]
[EventDate "2014.01.02"]
[EventRounds "7"]
[EventCountry "ESP"]
[Source "lmi"]
[SourceDate "2014.01.02"]

1. d4 Nf6 2. Nf3 e6 3. c4 Bb4+ 4. Nbd2 b6 5. a3 Bxd2+ 6. Qxd2 Bb7 7. e3 d6 8.
b4 a5 9. Bb2 Nbd7 10. Be2 O-O 11. O-O Qe7 12. Rfd1 Ne4 13. Qd3 f5 14. Ne1 Qh4
15. g3 Qh3 16. Bf1 Qh5 17. Be2 Qh3 18. Bf1 Qh5 19. Be2 Qh3 1/2-1/2

[Event "Torneo Reyes Ciudad de Manises 2014"]
[Site "Manises ESP"]
[Date "2014.01.03"]
[Round "3.4"]
[White "Pena Riasco, Alexander"]
[Black "Molina Ballester, Sergio"]
[Result "1/2-1/2"]
[WhiteElo "2154"]
[BlackElo "2001"]
[PlyCount "105"]
[EventDate "2014.01.02"]
[EventRounds "7"]
[EventCountry "ESP"]
[Source "lmi"]
[SourceDate "2014.01.02"]

1. e4 c5 2. Nf3 d6 3. d4 cxd4 4. Nxd4 Nf6 5. Nc3 a6 6. f3 e5 7. Nb3 Be6 8. Be3
h5 9. Qd2 Be7 10. O-O-O Qc7 11. Kb1 Nbd7 12. Qf2 b5 13. Nd5 Bxd5 14. exd5 Rb8
15. c4 bxc4 16. Rc1 Qb7 17. Bxc4 Bd8 18. Rhd1 a5 19. Rc2 a4 20. Nc1 Bb6 21.
Bxb6 Qxb6 22. Qxb6 Rxb6 23. Bb5 Rxb5 24. Rc8+ Ke7 25. Rxh8 Nf8 26. Ne2 Nxd5 27.
Rxh5 Ng6 28. Rh7 Ne3 29. Nc3 Rc5 30. Rd3 Nxg2 31. Nxa4 Ra5 32. Nb6 N2f4 33.
Rxd6 Kxd6 34. Nc4+ Ke7 35. Nxa5 Kf8 36. b4 Kg8 37. Rh3 Nxh3 38. b5 Nf8 39. Nc6
Nd7 40. a4 Ng5 41. a5 Nxf3 42. b6 Nd4 43. Ne7+ Kf8 44. Nd5 Nc6 45. a6 Nxb6 46.
Nxb6 Ke7 47. Nc8+ Kd7 48. a7 Nxa7 49. Nxa7 Ke6 50. Kc2 Kf5 51. Kd3 Kf4 52. Ke2
Kg4 53. Nc6 1/2-1/2

[Event "Torneo Reyes Ciudad de Manises 2014"]
[Site "Manises ESP"]
[Date "2014.01.03"]
[Round "3.5"]
[White "Gimenez Menchon, Cesar"]
[Black "Salvador Lopez, Daniel"]
[Result "1-0"]
[WhiteElo "2032"]
[BlackElo "2125"]
[PlyCount "113"]
[EventDate "2014.01.02"]
[EventRounds "7"]
[EventCountry "ESP"]
[Source "lmi"]
[SourceDate "2014.01.02"]

1. e4 c6 2. d4 d5 3. Nd2 dxe4 4. Nxe4 Bf5 5. Ng3 Bg6 6. h4 h6 7. h5 Bh7 8. Nf3
Nd7 9. Bd3 Bxd3 10. Qxd3 e6 11. Bd2 Ngf6 12. O-O-O Be7 13. Kb1 O-O 14. Ne4 Nxe4
15. Qxe4 Nf6 16. Qd3 Qd5 17. Rhe1 Ng4 18. Qe2 Qb5 19. Ne5 Qxe2 20. Rxe2 Nxe5
21. dxe5 Rfd8 22. Ree1 Bc5 23. f3 Rd5 24. Bf4 Rad8 25. Kc1 Bb6 26. Rxd5 Rxd5
27. Rd1 Bc7 28. Rxd5 exd5 29. Be3 b6 30. f4 Kf8 31. Kd2 Ke7 32. Kd3 g6 33. hxg6
fxg6 34. c4 dxc4+ 35. Kxc4 Ke6 36. Bd2 h5 37. b4 g5 38. fxg5 Bxe5 39. b5 c5 40.
a4 h4 41. a5 Kf5 42. a6 Bb2 43. Kd5 Kg4 44. Kc6 c4 45. Kb7 c3 46. Be3 c2 47.
Kxa7 Kg3 48. Kb7 Kxg2 49. a7 Bd4 50. Bc1 h3 51. a8=Q h2 52. Ka6+ Kg1 53. Qe4
Bf2 54. Qxc2 h1=Q 55. Qd1+ Kg2 56. Qxh1+ Kxh1 57. g6 1-0

[Event "Torneo Reyes Ciudad de Manises 2014"]
[Site "Manises ESP"]
[Date "2014.01.03"]
[Round "3.6"]
[White "Perez Garcia, Jose Miguel"]
[Black "Harutyunyan, Tigran"]
[Result "1-0"]
[WhiteElo "1914"]
[BlackElo "1915"]
[PlyCount "93"]
[EventDate "2014.01.02"]
[EventRounds "7"]
[EventCountry "ESP"]
[Source "lmi"]
[SourceDate "2014.01.02"]

1. Nf3 Nf6 2. c4 c5 3. g3 Nc6 4. Bg2 g6 5. O-O Bg7 6. Nc3 O-O 7. d4 d6 8. h3
Rb8 9. dxc5 dxc5 10. Bf4 Ra8 11. Nd5 Nxd5 12. cxd5 Nd4 13. Nxd4 Bxd4 14. Rb1 a5
15. Qc2 Bf5 16. e4 Bd7 17. b3 Qc8 18. Kh2 Bb5 19. Rfd1 Kg7 20. Qd2 Rd8 21. Bh6+
Kg8 22. Rbc1 a4 23. b4 b6 24. Qf4 Qb8 25. Qxb8 Raxb8 26. Bf4 Rbc8 27. f3 Bb2
28. Rb1 a3 29. bxc5 bxc5 30. Bc1 Ba4 31. Rd2 Bc3 32. Re2 Bd1 33. Re3 Bd4 34.
Rxa3 c4 35. Be3 Bc2 36. Re1 Bb2 37. Ra7 Bd3 38. Rxe7 Ra8 39. Rb7 Rxa2 40. Bb6
Rda8 41. d6 Bc3 42. Rc1 Bd2 43. Rd1 c3 44. d7 c2 45. Rxd2 c1=Q 46. Rxa2 Rxa2
47. d8=Q+ 1-0

[Event "Torneo Reyes Ciudad de Manises 2014"]
[Site "Manises ESP"]
[Date "2014.01.03"]
[Round "3.7"]
[White "Cebrian Flores, Juan Antonio"]
[Black "Barrachina Blanco, Francisco"]
[Result "1-0"]
[WhiteElo "1992"]
[BlackElo "1679"]
[PlyCount "101"]
[EventDate "2014.01.02"]
[EventRounds "7"]
[EventCountry "ESP"]
[Source "lmi"]
[SourceDate "2014.01.02"]

1. d4 Nf6 2. c4 g6 3. Nc3 Bg7 4. e4 d6 5. f4 Bg4 6. Be2 Bxe2 7. Qxe2 O-O 8. e5
dxe5 9. dxe5 Ne8 10. Nf3 c6 11. Be3 Nc7 12. O-O Qc8 13. Rad1 Nba6 14. Rd2 Qg4
15. h3 Qc8 16. Rfd1 f6 17. Rd7 Qe8 18. b4 Rc8 19. Bxa7 Nd5 20. Nxd5 cxd5 21.
R7xd5 Nxb4 22. Rd7 fxe5 23. fxe5 Ra8 24. Rxb7 Qa4 25. Bf2 Nxa2 26. Rdd7 Rae8
27. Ra7 Nc3 28. Qd3 Qb3 29. Rxe7 Rxe7 30. Rxe7 Qb1+ 31. Qxb1 Nxb1 32. Rd7 Nc3
33. Bh4 Ne2+ 34. Kf2 Nf4 35. Rd8 Ne6 36. Rxf8+ Bxf8 37. Bg3 h6 38. Ke2 Kf7 39.
Kd3 Ke7 40. Ke4 Nc7 41. Nd4 Kf7 42. Be1 Ne6 43. Nb5 Ke8 44. Bd2 Kd7 45. Kd5 Bg7
46. Be3 Bf8 47. g3 g5 48. Bb6 Bb4 49. c5 Be1 50. c6+ Ke7 51. Nd6 1-0

[Event "Torneo Reyes Ciudad de Manises 2014"]
[Site "Manises ESP"]
[Date "2014.01.03"]
[Round "3.8"]
[White "Aimimir Gimenez, Jose"]
[Black "Esteban Hernandez, Eusebio"]
[Result "0-1"]
[WhiteElo "1618"]
[BlackElo "1847"]
[PlyCount "80"]
[EventDate "2014.01.02"]
[EventRounds "7"]
[EventCountry "ESP"]
[Source "lmi"]
[SourceDate "2014.01.02"]

1. d4 d6 2. c4 Nf6 3. Nc3 g6 4. e3 Bg7 5. h3 O-O 6. Bd3 Nbd7 7. Nf3 e5 8. O-O
a5 9. Ng5 c6 10. f4 exd4 11. exd4 d5 12. a4 Nh5 13. Nf3 Ng3 14. Rf2 Nf6 15.
cxd5 cxd5 16. Bc2 Nfe4 17. Nxe4 dxe4 18. Ne5 Be6 19. Ra3 Qh4 20. Kh2 Nh5 21.
Qf1 f5 22. Bd1 Rac8 23. g3 Nxg3 24. Rxg3 Rxc1 25. Rfg2 Bxe5 26. dxe5 Rd8 27.
Qf2 Qh6 28. Bc2 Rc8 29. Qb6 R8xc2 30. Qxe6+ Kf8 31. Qd6+ Ke8 32. Qe6+ Kd8 33.
Qd6+ Kc8 34. e6 Rxg2+ 35. Rxg2 Rc6 36. Qd7+ Kb8 37. e7 Qxf4+ 38. Rg3 Rc2+ 39.
Kh1 Qf1+ 40. Rg1 Qxh3# 0-1

[Event "Torneo Reyes Ciudad de Manises 2014"]
[Site "Manises ESP"]
[Date "2014.01.03"]
[Round "3.9"]
[White "Cruz Fiallos, Hamilton Tarley"]
[Black "Hernandez Torralba, Jose Joaqu"]
[Result "0-1"]
[WhiteElo "1844"]
[BlackElo "1634"]
[PlyCount "34"]
[EventDate "2014.01.02"]
[EventRounds "7"]
[EventCountry "ESP"]
[Source "lmi"]
[SourceDate "2014.01.02"]

1. e4 c5 2. Nf3 d6 3. d4 cxd4 4. Nxd4 Nf6 5. Nc3 Nc6 6. Bg5 Bd7 7. Bxf6 exf6 8.
Bc4 a6 9. Qd2 Be7 10. O-O-O O-O 11. Kb1 b5 12. Bxb5 axb5 13. Ndxb5 Qa5 14. Nxd6
Be6 15. a3 Rfd8 16. Qf4 Rdb8 17. Kc1 Rxb2 0-1

[Event "Torneo Reyes Ciudad de Manises 2014"]
[Site "Manises ESP"]
[Date "2014.01.03"]
[Round "3.10"]
[White "Nieves Pamplona, Juan Miguel"]
[Black "Molina Ballester, Saul"]
[Result "0-1"]
[WhiteElo "1536"]
[BlackElo "1823"]
[PlyCount "64"]
[EventDate "2014.01.02"]
[EventRounds "7"]
[EventCountry "ESP"]
[Source "lmi"]
[SourceDate "2014.01.02"]

1. Nf3 Nf6 2. g3 e6 3. Bg2 c5 4. O-O d5 5. d3 Nc6 6. Nbd2 g6 7. Re1 Bg7 8. e4
O-O 9. e5 Nd7 10. Nb3 Ncxe5 11. Nxe5 Nxe5 12. Nxc5 b6 13. Nb3 Bb7 14. d4 Nc4
15. Nd2 Rc8 16. Nxc4 Rxc4 17. c3 Qd7 18. Bh3 b5 19. a3 a5 20. Bf4 b4 21. axb4
axb4 22. Re3 Qc6 23. Bf1 bxc3 24. Bxc4 cxb2 25. Raa3 dxc4 26. f3 Bxd4 27. Be5
Bxe3+ 28. Rxe3 Qb6 29. Bxb2 Qxe3+ 30. Kg2 Qd3 31. Qc1 Qxf3+ 32. Kh3 Qg2+ 0-1

[Event "Torneo Reyes Ciudad de Manises 2014"]
[Site "Manises ESP"]
[Date "2014.01.03"]
[Round "3.11"]
[White "Grau Navarro, Salvador"]
[Black "Bono Monreal, Alberto"]
[Result "0-1"]
[WhiteElo "1799"]
[BlackElo "1493"]
[PlyCount "76"]
[EventDate "2014.01.02"]
[EventRounds "7"]
[EventCountry "ESP"]
[Source "lmi"]
[SourceDate "2014.01.02"]

1. d4 d5 2. Nf3 Nf6 3. c4 e6 4. cxd5 exd5 5. Nc3 c6 6. Bf4 Bf5 7. e3 Bd6 8. Ne5
O-O 9. g4 Bc8 10. Bg5 c5 11. f4 Nbd7 12. Qf3 Qb6 13. Nxd7 Nxd7 14. Nxd5 Qxb2
15. Rd1 cxd4 16. Rxd4 Bc5 17. Rd2 Qc1+ 18. Rd1 Qa3 19. Bd3 Qxa2 20. Qh3 g6 21.
Nf6+ Nxf6 22. Bxf6 Qe6 23. Be5 Bd6 24. Bf5 Bb4+ 25. Kf1 Qc4+ 26. Bd3 Qb3 27.
Kf2 f6 28. Rc1 Qxd3 29. Rhd1 Bd2 30. Bd4 Be6 31. Rc7 Rf7 32. Rxf7 Bxf7 33. g5
Bxe3+ 34. Qxe3 Qxd1 35. Bxf6 Re8 36. Be5 Qc2+ 37. Kg3 Qb3 38. Bc3 Rxe3+ 0-1

[Event "Torneo Reyes Ciudad de Manises 2014"]
[Site "Manises ESP"]
[Date "2014.01.03"]
[Round "3.12"]
[White "Gil Lopez, Alejandro"]
[Black "Aupi Royo, Juan Ignacio"]
[Result "0-1"]
[WhiteElo "1285"]
[BlackElo "1796"]
[PlyCount "122"]
[EventDate "2014.01.02"]
[EventRounds "7"]
[EventCountry "ESP"]
[Source "lmi"]
[SourceDate "2014.01.02"]

1. e4 Nf6 2. e5 Nd5 3. Bc4 Nb6 4. Bb3 c5 5. d3 e6 6. Nf3 d5 7. c3 Nc6 8. Ba4
Bd7 9. Bxc6 Bxc6 10. O-O Be7 11. d4 Nd7 12. Be3 Qb6 13. Qb3 O-O 14. Qxb6 axb6
15. a3 Rfc8 16. Nbd2 Bb5 17. Rfc1 Bd3 18. Ne1 Bg6 19. h3 Rc6 20. f4 Rac8 21.
Nb3 cxd4 22. cxd4 f6 23. Rxc6 bxc6 24. Rc1 fxe5 25. fxe5 c5 26. Nf3 h6 27. Nbd2
Ra8 28. Kf2 Ra4 29. Nb3 c4 30. Nbd2 b5 31. Nb1 b4 32. Bd2 bxa3 33. Nc3 axb2 34.
Nxa4 bxc1=Q 35. Bxc1 Bb4 36. Bd2 Bxd2 37. Nxd2 Bc2 38. Nc3 Nb6 39. Ke2 Kf7 40.
g4 g5 41. Nf1 Bd3+ 42. Kf2 Bxf1 43. Kxf1 Nd7 44. Kf2 Nf8 45. Ke3 Ng6 46. Kf3
Nf4 47. Kg3 Ke7 48. h4 Kd7 49. hxg5 hxg5 50. Kf3 Kc6 51. Ke3 Kb6 52. Kd2 Ka5
53. Nd1 Kb4 54. Kc2 Nd3 55. Kd2 Kb3 56. Ne3 Nf2 57. Ke2 Ne4 58. Nf1 c3 59. Ne3
c2 60. Nxc2 Kxc2 61. Ke3 Kc3 0-1

[Event "Torneo Reyes Ciudad de Manises 2014"]
[Site "Manises ESP"]
[Date "2014.01.03"]
[Round "3.14"]
[White "Bueno Dominguez, Ricardo"]
[Black "Candel Ribarrocha, Rafael"]
[Result "1-0"]
[WhiteElo "1740"]
[BlackElo "1125"]
[PlyCount "63"]
[EventDate "2014.01.02"]
[EventRounds "7"]
[EventCountry "ESP"]
[Source "lmi"]
[SourceDate "2014.01.02"]

1. d4 f5 2. c4 Nf6 3. Nc3 e6 4. Nf3 c6 5. e3 d5 6. Bd3 Bd6 7. O-O Qe7 8. cxd5
cxd5 9. Nb5 O-O 10. Nxd6 Qxd6 11. a3 Bd7 12. Bd2 Na6 13. Qe2 Rfc8 14. Ne5 Qb6
15. b4 Qd6 16. b5 Nc7 17. Bb4 Qb6 18. a4 a5 19. Bc5 Qa7 20. Bxa7 Rxa7 21. b6
Raa8 22. bxc7 Rxc7 23. Nxd7 Nxd7 24. Rac1 Rac8 25. Qd2 Rc6 26. Rxc6 Rxc6 27.
Bb5 Rc7 28. Rc1 Rxc1+ 29. Qxc1 Nb6 30. Qc7 Nc4 31. Bxc4 dxc4 32. Qxc4 1-0

[Event "Torneo Reyes Ciudad de Manises 2014"]
[Site "Manises ESP"]
[Date "2014.01.03"]
[Round "3.15"]
[White "Vila Tormo, Eduardo"]
[Black "Arce Martinez, Jose Miguel"]
[Result "1-0"]
[WhiteElo "1718"]
[BlackElo "1790"]
[PlyCount "65"]
[EventDate "2014.01.02"]
[EventRounds "7"]
[EventCountry "ESP"]
[Source "lmi"]
[SourceDate "2014.01.02"]

1. d4 g6 2. c4 Bg7 3. Nf3 c5 4. e3 Nc6 5. Be2 cxd4 6. exd4 Qb6 7. c5 Qc7 8. Nc3
Nf6 9. Nb5 Qd8 10. d5 a6 11. Na3 Nb8 12. Nc4 O-O 13. Bf4 Ne8 14. Nb6 Bxb2 15.
Nxa8 Bxa1 16. Qxa1 Qa5+ 17. Bd2 Qxc5 18. Bh6 Qa5+ 19. Nd2 f6 20. Bxf8 Kxf8 21.
Qb2 b5 22. O-O Bb7 23. Nc4 Qd8 24. Ncb6 d6 25. Bg4 Bxa8 26. Nxa8 Nd7 27. Bxd7
Qxd7 28. Qc1 e6 29. dxe6 Qb7 30. e7+ Kg7 31. Nc7 Nxc7 32. Qxc7 Qxc7 33. e8=N+
1-0

[Event "Torneo Reyes Ciudad de Manises 2014"]
[Site "Manises ESP"]
[Date "2014.01.03"]
[Round "4.1"]
[White "Gimeno Higueras, Roberto"]
[Black "Gimenez Menchon, Cesar"]
[Result "0-1"]
[WhiteElo "2198"]
[BlackElo "2032"]
[PlyCount "127"]
[EventDate "2014.01.02"]
[EventRounds "7"]
[EventCountry "ESP"]
[Source "lmi"]
[SourceDate "2014.01.02"]

1. e4 c5 2. c3 d5 3. exd5 Qxd5 4. d4 Nc6 5. Nf3 Bg4 6. Be2 cxd4 7. cxd4 e6 8.
O-O Nf6 9. h3 Bh5 10. Nc3 Qd8 11. Qb3 a6 12. d5 exd5 13. Rd1 d4 14. Bg5 Be7 15.
Bxf6 Bxf6 16. Qxb7 Rc8 17. Nxd4 Bxd4 18. Bxh5 O-O 19. Qxa6 Qh4 20. Bxf7+ Kxf7
21. Qc4+ Kg6 22. Qe6+ Qf6 23. Qe4+ Kh6 24. Rf1 g6 25. Rad1 Rcd8 26. Nd5 Qe5 27.
Qxe5 Bxe5 28. b4 Bd4 29. b5 Rxd5 30. bxc6 Bxf2+ 31. Kh1 Bg3 32. Kg1 Rxf1+ 33.
Rxf1 Rc5 34. a4 Rxc6 35. Ra1 Kg7 36. Kf1 Re6 37. Rb1 Re4 38. a5 Ra4 39. Rb3 Bf4
40. Rb5 Bd2 41. Ke2 Bxa5 42. Kf3 Kf6 43. Rb7 h6 44. Ke2 Ra3 45. Rb5 Bc7 46. Rb7
Bg3 47. Rb6+ Kf5 48. Rb7 h5 49. Rb5+ Kf6 50. Rb6+ Kg5 51. Rb5+ Kh6 52. Rb7 h4
53. Rb2 Ra5 54. Kf3 Kg5 55. Rc2 Kf5 56. Rb2 Ra3+ 57. Ke2 Be5 58. Rb4 Ra2+ 59.
Kf1 Bg3 60. Rb5+ Ke4 61. Rb4+ Kd3 62. Rb3+ Kc2 63. Rb6 Kd2 64. Rb1 0-1

[Event "Torneo Reyes Ciudad de Manises 2014"]
[Site "Manises ESP"]
[Date "2014.01.03"]
[Round "4.2"]
[White "Ballester Sanz, Joaquin"]
[Black "Rodriguez Valencoso, Juan Carl"]
[Result "1/2-1/2"]
[WhiteElo "2170"]
[BlackElo "2159"]
[PlyCount "103"]
[EventDate "2014.01.02"]
[EventRounds "7"]
[EventCountry "ESP"]
[Source "lmi"]
[SourceDate "2014.01.02"]

1. e4 e6 2. d4 d5 3. Nd2 Be7 4. Bd3 c5 5. dxc5 Bxc5 6. Ngf3 Nf6 7. e5 Nfd7 8.
O-O Nc6 9. Nb3 Be7 10. Re1 O-O 11. c3 f6 12. exf6 Nxf6 13. Nbd4 Nxd4 14. cxd4
Qb6 15. Qe2 Bb4 16. Rd1 Kh8 17. Ne5 Bd6 18. Be3 Bd7 19. Rac1 Ba4 20. b3 Be8 21.
g4 Qa5 22. Rc2 a6 23. a4 Qb4 24. Rb1 Bxe5 25. dxe5 Qxg4+ 26. Qxg4 Nxg4 27. Bc5
Rf3 28. Be2 Rf4 29. Re1 Bg6 30. Rc3 Nxe5 31. Bd6 Rf5 32. Bd1 Rg5+ 33. Rg3 Rxg3+
34. hxg3 Nc6 35. Rxe6 d4 36. Kf1 d3 37. Ke1 Bf5 38. Re3 h6 39. Kd2 Rd8 40. Ba3
b5 41. f4 Nd4 42. g4 Bh7 43. f5 Bg8 44. Rxd3 Nxb3+ 45. Bxb3 Rxd3+ 46. Kxd3 Bxb3
47. axb5 axb5 48. Ke4 Kg8 49. Kf4 Bd1 50. Bb4 Kf7 51. Bc3 Be2 52. Bb4 1/2-1/2

[Event "Torneo Reyes Ciudad de Manises 2014"]
[Site "Manises ESP"]
[Date "2014.01.03"]
[Round "4.3"]
[White "Nieves Cabanes, Javier"]
[Black "Pena Riasco, Alexander"]
[Result "1-0"]
[WhiteElo "2068"]
[BlackElo "2154"]
[PlyCount "91"]
[EventDate "2014.01.02"]
[EventRounds "7"]
[EventCountry "ESP"]
[Source "lmi"]
[SourceDate "2014.01.02"]

1. d4 d5 2. c4 c6 3. Nf3 Nf6 4. Qc2 g6 5. Bf4 Bg7 6. e3 O-O 7. Nc3 Nbd7 8. h3
dxc4 9. Bxc4 Nb6 10. Bb3 Nbd5 11. Bh2 Nxc3 12. bxc3 Bf5 13. Qe2 Ne4 14. Rc1 Qa5
15. O-O c5 16. Ne5 cxd4 17. cxd4 Nd2 18. Nc4 Nxc4 19. Qxc4 Rac8 20. Bc7 b6 21.
Qa4 Qxa4 22. Bxa4 Be4 23. Rfd1 Bd5 24. Bd7 Ra8 25. a4 f5 26. f3 Bh6 27. Re1 Bg5
28. Rb1 Bf6 29. Kh1 Bh4 30. Re2 e6 31. e4 fxe4 32. fxe4 Bc4 33. Rc2 Bd3 34.
Bxe6+ Kg7 35. Be5+ Kh6 36. Rbc1 Bxc2 37. Rxc2 Rf1+ 38. Kh2 Raf8 39. Bg4 Bg5 40.
Bg3 Be3 41. Be5 Bf4+ 42. Bxf4+ R8xf4 43. Bf3 Ra1 44. Rc4 Ra2 45. Kg3 Kg5 46. d5
1-0

[Event "Torneo Reyes Ciudad de Manises 2014"]
[Site "Manises ESP"]
[Date "2014.01.03"]
[Round "4.4"]
[White "Molina Ballester, Sergio"]
[Black "Perez Garcia, Jose Miguel"]
[Result "1/2-1/2"]
[WhiteElo "2001"]
[BlackElo "1914"]
[PlyCount "29"]
[EventDate "2014.01.02"]
[EventRounds "7"]
[EventCountry "ESP"]
[Source "lmi"]
[SourceDate "2014.01.02"]

1. e4 d6 2. d4 Nf6 3. Bd3 g6 4. Nf3 Bg4 5. Nbd2 Nc6 6. c3 Bg7 7. O-O O-O 8. h3
Bxf3 9. Nxf3 e5 10. dxe5 Nxe5 11. Nxe5 dxe5 12. Qe2 c6 13. Bg5 h6 14. Bxf6 Qxf6
15. Rad1 1/2-1/2

[Event "Torneo Reyes Ciudad de Manises 2014"]
[Site "Manises ESP"]
[Date "2014.01.03"]
[Round "4.5"]
[White "Salvador Lopez, Daniel"]
[Black "Capella Gimenez, Jose M"]
[Result "1/2-1/2"]
[WhiteElo "2125"]
[BlackElo "2099"]
[PlyCount "63"]
[EventDate "2014.01.02"]
[EventRounds "7"]
[EventCountry "ESP"]
[Source "lmi"]
[SourceDate "2014.01.02"]

1. e4 e5 2. Nf3 Nc6 3. d4 exd4 4. Bc4 Nf6 5. Ng5 Ne5 6. Bb3 h6 7. f4 hxg5 8.
fxe5 Nxe4 9. Bd5 Bb4+ 10. c3 dxc3 11. bxc3 Qe7 12. Bxe4 Qxe5 13. cxb4 Qxa1 14.
Qe2 Qe5 15. Bb2 Qe7 16. Bxg7 Rh4 17. Nc3 d5 18. Bxd5 Qxe2+ 19. Kxe2 Rxb4 20.
Rf1 Bg4+ 21. Kd3 O-O-O 22. a3 Rb3 23. Kc4 Rxc3+ 24. Kxc3 Rxd5 25. Rxf7 Be6 26.
Re7 Rd6 27. Be5 Rc6+ 28. Kd4 Rc4+ 29. Kd3 Rc6 30. Kd4 Rc4+ 31. Kd3 Rc6 32. Kd4
1/2-1/2